Civil Rights Litigation Representing Plaintiffs Today /

Detalles Bibliográficos
Autor principal: Taylor, Rebecca Ann
Formato: eBook
Lenguaje:inglés
Publicado: Chicago: American Bar Association, 2013
Materias:
Acceso en línea:Acceso restringido

MARC

LEADER 00000nam a22000007a 4500
005 20210224203320.0
007 cr|||| ||||
008 210224s2013 us |||||s|||| 00||0 eng d
020 |a 9781627223171 
035 |a 31213 
040 |a vLex 
090 |c 11243  |d 11243 
100 1 |a Taylor, Rebecca Ann 
245 1 0 |a Civil Rights Litigation  |h [Recurso electrn̤ico] :  |b Representing Plaintiffs Today /  |c Rebecca Ann Taylor 
256 |a Servicio en ln̕ea 
260 |a Chicago:  |b American Bar Association,  |c 2013 
300 |a 1 recurso electrn̤ico 
500 |a Civil Rights Litigation seeks to help lawyers, their clients, and the general public negotiate the field of civil rights law in the social and political climate of America today. 
506 1 |a Disponible solo en los productos indicados  |d vLex Global  |d vLex Global (Academic Edition, excluding Law Schools)  |d vLex Global (Academic Edition, Law Schools) 
650 0 4 |a Derecho Civil  |z Estados Unidos 
740 0 |a vLex Libros (Servicio en ln̕ea) 
856 4 0 |u http://vlex.com/source/civil-rights-litigation-representing-plaintiffs-today-31213  |z Acceso restringido 
942 |c BOOK 
999 0 |a Civil Law